Ekonomická elita Slovenskej republiky je nespokojná, ale žije

Závery prieskumu Názory ekonomických elít na aktuálne otázky vývoja slovenskej ekonomiky, ktorý uskutočnil Inštitút pre verejné otázky v spolupráci s SOPK a EU Bratislava. Oblasti prieskumu: klientelizmus, právo a legislatíva, inštitúcie, peniaze, administratíva, práca, dane, korupcia, politizácia e...

Descrizione completa

Salvato in:
Dettagli Bibliografici
Autore principale: Rintel, Igor
Altri autori: Žitňanský, Eduard
Natura: Capitolo di libro
Lingua:slovacco
Soggetti:
Tags: Aggiungi Tag
Nessun Tag, puoi essere il primo ad aggiungerne!!

MARC

LEADER 00000naa a2200000 4500
001 r039017
005 20230824105653.9
041 0 |a slo 
044 |a SK 
245 1 0 |a Ekonomická elita Slovenskej republiky je nespokojná, ale žije  |c Igor Rintel, Eduard Žitňanský 
520 |a Závery prieskumu Názory ekonomických elít na aktuálne otázky vývoja slovenskej ekonomiky, ktorý uskutočnil Inštitút pre verejné otázky v spolupráci s SOPK a EU Bratislava. Oblasti prieskumu: klientelizmus, právo a legislatíva, inštitúcie, peniaze, administratíva, práca, dane, korupcia, politizácia ekonomiky a podmienky podnikania. 
610 2 0 |a prieskum podnikateľský 
610 2 0 |a podnikatelia 
610 2 0 |a manažéri 
610 2 0 |a výskum ekonomický 
610 2 0 |a podnikanie 
610 2 0 |a Slovensko 
610 2 0 |a právo 
610 2 0 |a legislatíva 
610 2 0 |a dane 
610 2 0 |a práca 
610 2 0 |a administratíva 
610 2 0 |a korupcia 
100 1 |a Rintel, Igor 
700 1 |a Žitňanský, Eduard